000 00563nam a2200193 i 4500
001 110012
003 ES-MaACL
005 20240608062959.0
007 t|
008 061121s1972 sp fo |||| | spa d
080 _a821.134.2-83"19"
100 1 _aMoix, Ana María,
_d1947-
_981820
245 1 0 _a24x24
_b: (entrevistas) /
_cAna María Moix ; fotos de Colita.
260 _aBarcelona :
_bPenínsula,
_c1972.
300 _a233 p., 24 lám. ;
_c19 cm.
700 0 _aColita (
_d1940-)
_9156905
852 _aES-MaACL
_jC-49776
999 _c110012
_d110012